Score 0/6 Timer 00:30
0 Plays Today
% Correct
Francis Ford Coppola
93.2%
Peter Jackson
87.9%
Joel and Ethan Coen
76.6%
Alejandro G. Iñárritu
73.4%
James L. Brooks
71.1%
Billy Wilder
67.6%

Today's Daily Dose

Missing Word
Marvin Gaye Songs

Quick Pick
Movies of 2019

Get the Picture
Chinese Cities

You're not logged in!

Compare scores with friends on all Sporcle quizzes.
OR
Log In

Sporcle TV

Today on Sporcle TV


Watch our educational content, quiz creation guides, and fun videos on Sporcle TV.

Show Comments

Extras

Top Quizzes Today


Score Distribution

Your Account Isn't Verified!

In order to create a playlist on Sporcle, you need to verify the email address you used during registration. Go to your Sporcle Settings to finish the process.

Report this User

Report this user for behavior that violates our Community Guidelines.

Details: